Generative Deep Learning : Teaching Machines to Paint, Write, Compose, and Play /
Gespeichert in:
| 1. Verfasser: | |
|---|---|
| Format: | Buch |
| Sprache: | Englisch |
| Veröffentlicht: |
Sebastopol
O´Reilly
2019
|
| Ausgabe: | 1. vyd. |
| Schlagworte: | |
| Tags: |
Keine Tags, Fügen Sie das erste Tag hinzu!
|
MARC
| LEADER | 00000nam a22000003a 4500 | ||
|---|---|---|---|
| 001 | 0079099 | ||
| 003 | SK-STU | ||
| 005 | 20200109083608.9 | ||
| 007 | ta | ||
| 008 | 200109s ----xo-----e------000-0-----d | ||
| 020 | |a 978-1-492-04194-8 | ||
| 040 | |a STU |b slo | ||
| 041 | 0 | |a eng | |
| 044 | |a xxu | ||
| 100 | 1 | |a Foster, David |4 aut | |
| 245 | 1 | 0 | |a Generative Deep Learning : |b Teaching Machines to Paint, Write, Compose, and Play / |c aut. David Foster |
| 250 | |a 1. vyd. | ||
| 260 | |a Sebastopol |b O´Reilly |c 2019 | ||
| 300 | |a 308 s. | ||
| 650 | 0 | 7 | |a neurónové siete |
| 650 | 0 | 7 | |a umelá inteligencia |
| 996 | |b 284M088294 |c M* 14289-1 |l MMKN |s A |a 24 |w 0079099_0001 | ||